Football par lettre - G - Statistiques

Statistiques générales
  • Ce quiz a été pris 691 fois
  • Le résultat moyen est 7 sur 12
Statistiques - réponses
Indices Solutions % Correct
Vainqueur de l'Euro 2004 Grèce
96%
Contre quelle équipe Luis Suarez a volontairement arrêté un but avec les mains lors du mondial 2010 Ghana
92%
Avec Mbappé, il est le meilleur buteur français lors de la coupe du monde 2018 Griezmann
92%
A joué plus de 700 matchs avec Liverpool Gerrard
70%
Points commun entre Donnarumma et Buffon Gianluigi
61%
Pascal Feindouno est le meilleur buteur de l'histoire de cette sélection Guinée
59%
Levan Kobiashvili y est sélectionné depuis 1996 Géorgie
56%
Équipe africaine surnommée "Les Scorpions" Gambie
44%
Joueur français, meilleur buteur de l'histoire des Girondins de Bordeaux et vainqueur de l'Euro 1984 Giresse
38%
Ballon d'or 1987 Gullit
31%
Meilleur buteur de l'histoire de Tottenham Greaves
6%
Équipe surnommée les Spice Boys Grenade
6%
Aucun quiz correspondant
Distribution des résultats
% des personnes avec chaque résultat
Percentile par nombre de réponses
Votre historique - résultats
Vous n’avez pas pris ce quiz